000 00439nam a2200169Ia 4500
005 20250326130750.0
008 250326s9999 xx 000 0 und d
037 _aTextbook
040 _aFMSL
_beng
_cFMSL
041 _aeng
_2eng
084 _aT:3(X:8) Q5
_qFMSL
100 _aChadha N K
245 0 _aCareer development
_cChadha N K; Bhatia H
260 _c2015
942 _cTB
_hT:3(X:8) Q5
999 _c1283994
_d1283994